Movies Quiz

Random Movies or Clickable Quiz

Wartime Movies Quiz Stats

Quiz Updated Dec 11, 2014

Also try: Film by Conflicts
Challenge
Share
Tweet
Embed
Score 0/32 Timer 07:00
3 Plays Today
% Correct
Saving Private Ryan
88.6%
Pearl Harbor
86.6%
Platoon
77.3%
1776
77.1%
The Hurt Locker
77.1%
All Quiet on the Western Front
72.3%
The Patriot
71.6%
Waterloo
67.1%
Glory
66.2%
The Great Escape
61.9%
War Horse
61.7%
We Were Soldiers
61.3%
Green Zone
59.9%
Master and Commander:The Far Side of the World
58.5%
The Green Berets
55%
Pan's Labyrinth
54.1%
% Correct
Windtalkers
51.6%
For Whom the Bell Tolls
49.1%
The Red Badge of Courage
48.8%
Casualties of War
46.5%
Drums Along the Mohawk
45.9%
The Good, the Bad, and the Ugly
44.8%
Austerlitz
44%
Stop-Loss
42.3%
Flyboys
41.4%
Johnny Tremain
38.5%
Sergeant York
37.4%
The Devil's Backbone
34.8%
Redacted
34.7%
The Pride and the Passion
30.5%
Land and Freedom
27.4%
Ride with the Devil
21.6%

You're not logged in!

Compare scores with friends on all Sporcle quizzes.
Join for Free
OR
Log In

You Might Also Like...

Show Comments

Extras

Top Quizzes Today


Score Distribution

Your Account Isn't Verified!

In order to create a playlist on Sporcle, you need to verify the email address you used during registration. Go to your Sporcle Settings to finish the process.

Report this User

Report this user for behavior that violates our Community Guidelines.

Details: